MACMIS mission: Evacuation of Tito's headquarter to Viz; Yugoslav Prime Minister's visit to Bari (Operation TRIUMPH)

Bibliographic Details
Corporate Author: Adam Matthew Digital (Firm) (digitiser.)
Format: eBook
Language:English
Published: Marlborough, Wiltshire : Adam Matthew Digital, 2020.
Series:AM Scholar: World War Two Studies.
Subjects:
Online Access:Connect to the full text of this electronic book

MARC

Tag First Indicator Second Indicator Subfields
LEADER 00000cam a2200000Mi 4500
001 in00005482012
006 m o u
007 cr |n|---uuuuu
008 200205s2020 enk o ||| 0 eng d
005 20240917163332.7
035 |a (OCoLC)on1143486751 
040 |a UKAMD  |b eng  |c UKAMD  |d OCLCO 
035 |a (OCoLC)1143486751 
049 |a TXAM 
245 0 0 |a MACMIS mission: Evacuation of Tito's headquarter to Viz; Yugoslav Prime Minister's visit to Bari (Operation TRIUMPH)  |g 1944. 
264 1 |a Marlborough, Wiltshire :  |b Adam Matthew Digital,  |c 2020. 
300 |a 1 online resource. 
336 |a text  |b txt  |2 rdacontent 
337 |a computer  |b c  |2 rdamedia 
338 |a online resource  |b cr  |2 rdacarrier 
490 1 |a AM Scholar: World War Two Studies. 
500 |a AMDigital Reference: HS 5/881. 
534 |p Reproduction of:  |t MACMIS mission: Evacuation of Tito's headquarter to Viz; Yugoslav Prime Minister's visit to Bari (Operation TRIUMPH)  |c 1944. 
535 1 |a The National Archives 
542 |f Crown Copyright. Material sourced from The National Archives 
588 0 |a Description based on online resource (viewed on February 5, 2020). 
655 7 |a Electronic books.  |2 local 
710 2 |a Adam Matthew Digital (Firm),  |e digitiser. 
830 0 |a AM Scholar: World War Two Studies. 
856 4 0 |u http://proxy.library.tamu.edu/login?url=https://www.amscholar.amdigital.co.uk/Documents/Details/SOE_Series2_Part1_Reel2_Vol7  |z Connect to the full text of this electronic book  |t 0 
955 |a Adam Matthew Scholar World War Two Studies 
994 |a 92  |b TXA 
999 f f |s 728a9bc5-4f00-424d-b22d-16b1e6a37787  |i b46b7091-02bd-4d11-a6a6-8123be51211e  |t 0 
952 f f |a Texas A&M University  |b College Station  |c Electronic Resources  |d Available Online  |t 0  |h Library of Congress classification 
998 f f |t 0  |l Available Online